00803nam a22001937a 4500003000900000008004100009040007100050082001700121110005600138245007000194260004700264300004800311440003900359505015500398650001000553650001900563650001300582650001400595AR-CdUCM190312b ||||| |||| 00| 0 spa d aMUNICIPALIDAD PROVINCIAL DEL CUSCOcBIBLIOTECA MUNICIPAL DEL CUSCO a305.4 /bT17 aCentro de Investigación para la Acción Femenina aYo tambien soy America :bHistoria y mujeres de America Hispana / aSanto Domingo :bTalleres Graficos,c1980. a108 paginas ;bIlustraciones, Fotos,c27cm. aEdiciones Populares Feministas n1 aContenido: La mujer en la America Latina -- Nacion Unida -- La mujer en la conquista -- Iguales en la esclavitud -- Independencia en hispanoamerica... aMujer aHispanoamerica aDerechos aFeminismo